[Event "Lidkoping op"]
[Site "Lidkoping"]
[Date "2019.08.24"]
[Round "3"]
[White "Mardell, Jonas"]
[Black "Staunsbjerg, Valdemar A"]
[Result "1/2-1/2"]
[WhiteElo "2059"]
[BlackElo "1832"]
[PlyCount "56"]
[EventDate "2019.08.24"]
[EventType "swiss"]
[EventRounds "7"]
[EventCountry "SWE"]
[SourceTitle "EXT 2020"]
[Source "ChessBase"]
[SourceDate "2019.10.17"]
[SourceVersion "1"]
[SourceVersionDate "2019.10.17"]
[SourceQuality "1"]

1. e4 c5 2. c3 d5 3. exd5 Qxd5 4. d4 cxd4 5. cxd4 Nc6 6. Nf3 Bg4 7. Be2 e6 8. Nc3 Bb4 9. 0-0 Qa5 10. Be3 Nf6 11. Qb3 0-0 12. a3 Bxc3 13. bxc3 Qc7 14. Rac1 h6 15. c4 Rfd8 16. Rfd1 e5 17. dxe5 Nxe5 18. Nxe5 Bxe2 19. Rxd8+ Rxd8 20. Qb2 Bxc4 21. Nxc4 Qxc4 22. h3 Qa6 23. Rb1 Rd7 24. Qc3 b6 25. Bd4 Ne4 26. Qe3 Qb7 27. f3 Ng5 28. Qe5 Ne6 1/2-1/2

[Event "Lidkoping op"]
[Site "Lidkoping"]
[Date "2019.08.24"]
[Round "4"]
[White "Nygren, Kim"]
[Black "Staunsbjerg, Valdemar A"]
[Result "1-0"]
[WhiteElo "2171"]
[BlackElo "1832"]
[PlyCount "69"]
[EventDate "2019.08.24"]
[EventType "swiss"]
[EventRounds "7"]
[EventCountry "SWE"]
[SourceTitle "EXT 2020"]
[Source "ChessBase"]
[SourceDate "2019.10.17"]
[SourceVersion "1"]
[SourceVersionDate "2019.10.17"]
[SourceQuality "1"]

1. e4 c5 2. Nf3 Nc6 3. d4 cxd4 4. Nxd4 g6 5. c4 Bg7 6. Nc2 Nf6 7. Nc3 0-0 8. Be2 a5 9. 0-0 a4 10. Be3 d6 11. f4 Qa5 12. Bf3 Bd7 13. Kh1 Nb4 14. Nxb4 Qxb4 15. e5 Ne8 16. Nd5 Qxb2 17. Bd4 Qa3 18. Nxe7+ Kh8 19. Bxb7 Rb8 20. Rf3 Bg4 21. Rxa3 Bxd1 22. Be4 Bg4 23. Rxa4 dxe5 24. Bxe5 Bxe5 25. fxe5 Nc7 26. Ra7 Ne6 27. Bd5 Rb2 28. h3 Be2 29. a4 Rc2 30. a5 Bxc4 31. a6 Bxd5 32. Nxd5 Rd8 33. Rxf7 Ng5 34. Rc7 Rxc7 35. Nxc7 1-0

[Event "NOR-ch Klasse1"]
[Site "Stavanger"]
[Date "2017.07.05"]
[Round "6"]
[White "Gyldenas, Ole Jorn"]
[Black "Staunsbjerg, Valdemar A"]
[Result "1-0"]
[WhiteElo "2019"]
[BlackElo "1911"]
[PlyCount "23"]
[EventDate "2017.07.01"]
[EventType "swiss"]
[EventRounds "9"]
[EventCountry "NOR"]
[SourceTitle "EXT 2018"]
[Source "ChessBase"]
[SourceDate "2017.10.13"]
[SourceVersion "1"]
[SourceVersionDate "2017.10.13"]
[SourceQuality "1"]

1. Nf3 Nf6 2. g3 d5 3. d4 e6 4. c4 Be7 5. Nc3 0-0 6. cxd5 Re8 7. Qd3 Bd6 8. e4 exd5 9. Be2 h6 10. h3 Kf8 11. a4 c6 12. Rb1 1-0

[Event "Nordstrand GP"]
[Site "Oslo"]
[Date "2016.04.15"]
[Round "3"]
[White "Nilsen, Tobias Lang"]
[Black "Staunsbjerg, Valdemar A"]
[Result "1-0"]
[WhiteElo "1867"]
[BlackElo "1922"]
[PlyCount "133"]
[EventDate "2016.04.15"]
[EventType "swiss"]
[EventRounds "5"]
[EventCountry "NOR"]
[SourceTitle "EXT 2018"]
[Source "ChessBase"]
[SourceDate "2017.10.13"]
[SourceVersion "1"]
[SourceVersionDate "2017.10.13"]
[SourceQuality "1"]

1. e4 c5 2. Nf3 Nc6 3. Bb5 d6 4. Bxc6+ bxc6 5. 0-0 Nf6 6. e5 Nd5 7. Re1 g6 8. exd6 Qxd6 9. d3 Bg7 10. Nbd2 Nf6 11. Nc4 Qc7 12. Qd2 0-0 13. Qf4 Qxf4 14. Bxf4 Nd5 15. Bd2 Be6 16. Nfe5 Rac8 17. Na5 Bxe5 18. Rxe5 Bf5 19. Nb3 f6 20. Ree1 Rb8 21. Rab1 c4 22. dxc4 Bxc2 23. cxd5 Bxb1 24. Rxb1 cxd5 25. Be3 Ra8 26. Bc5 Rfe8 27. Rd1 e6 28. Na5 Kf7 29. b4 Red8 30. Nb7 Rd7 31. Nd6+ Kg7 32. Nb5 a6 33. Nc3 a5 34. b5 Rc8 35. Na4 Rb7 36. b6 Rxc5 37. Nxc5 Rxb6 38. Kf1 Rb2 39. Nxe6+ Kf7 40. Nc5 Rxa2 41. Rxd5 Kg7 42. Rd7+ Kh6 43. Rd4 Kg5 44. Ra4 Rxa4 45. Nxa4 Kf5 46. Ke2 Ke5 47. Nb2 Kd4 48. Kd2 h5 49. Na4 g5 50. Nc3 f5 51. Ne2+ Ke5 52. Kd3 h4 53. Nd4 a4 54. Nb5 Kf4 55. Ke2 g4 56. g3+ hxg3 57. hxg3+ Ke5 58. Ke3 Ke6 59. Kd4 Kf6 60. Kd5 Kg5 61. Kc4 f4 62. Kd4 fxg3 63. fxg3 Kf5 64. Kd5 Kg5 65. Ke5 Kg6 66. Kf4 Kh5 67. Kf5 1-0

[Event "NOR-ch Class1"]
[Site "Oslo"]
[Date "2015.07.04"]
[Round "1"]
[White "Overas, Vegard"]
[Black "Staunsbjerg, Valdemar A"]
[Result "1/2-1/2"]
[WhiteElo "1743"]
[BlackElo "1872"]
[PlyCount "101"]
[EventDate "2015.07.04"]
[EventType "swiss"]
[EventRounds "9"]
[EventCountry "NOR"]
[SourceTitle "EXT 2017"]
[Source "ChessBase"]
[SourceDate "2016.10.25"]
[SourceVersion "1"]
[SourceVersionDate "2016.10.25"]
[SourceQuality "1"]

1. d4 Nf6 2. Nf3 d5 3. Bf4 c6 4. Nc3 Bf5 5. e3 e6 6. a3 Bd6 7. Ne5 0-0 8. Be2 Bxe5 9. Bxe5 Nbd7 10. Bg3 Re8 11. 0-0 e5 12. dxe5 Nxe5 13. Qd2 Qe7 14. Rfd1 Rad8 15. Rac1 h6 16. Bh4 Ng6 17. Bg3 Ne5 18. Bh4 g5 19. Bg3 Bg6 20. h4 Nh5 21. Bxe5 Qxe5 22. Qd4 Qxd4 23. Rxd4 Nf6 24. hxg5 hxg5 25. b4 b6 26. Bd3 Ne4 27. Bxe4 Bxe4 28. Nxe4 Rxe4 29. Rcd1 Rde8 30. b5 cxb5 31. Rxd5 R4e5 32. Rd7 a5 33. Rb7 R8e6 34. Rd8+ Kg7 35. Rdb8 a4 36. Rxb6 Rxb6 37. Rxb6 Rc5 38. Kf1 f6 39. Ke1 Rxc2 40. Rxb5 Ra2 41. Rb4 Rxa3 42. Ke2 Ra2+ 43. Kf3 a3 44. Ra4 Ra1 45. g3 Kg6 46. Ra5 a2 47. Ra6 Kf7 48. Ra7+ Ke6 49. Ra6+ Ke5 50. Ra5+ Ke6 51. Ra6+ 1/2-1/2